Texto ilustrado de biología molecular e ingeniería genética: conceptos, técnicas y aplicaciones en ciencias de la salud

Збережено в:
Бібліографічні деталі
Автори: Luque Cabrera, José (autor), Herráez Sánchez, Ángel (Автор)
Формат: Книга
Мова:Іспанська
Опубліковано: Barcelona, España. Elsevier, 2008
Предмети:
Онлайн доступ:Disponible Online
Теги: Додати тег
Немає тегів, Будьте першим, хто поставить тег для цього запису!

MARC

LEADER 00000nam a2200000 a 4500
001 UCH1580
003 CL-VaPUC
005 20241203103151.0
008 090430e20080000SP |||||||||||||||||spa|d
999 |c 333555  |d 333553 
020 |a 9788481745054 
040 |c Pontificia Universidad Católica de Valparaíso 
082 0 4 |a 576.5 LUQ 2008  |2 21 
100 |a Luque Cabrera, José  |e autor  |9 536064 
245 1 0 |a Texto ilustrado de biología molecular e ingeniería genética: conceptos, técnicas y aplicaciones en ciencias de la salud 
260 |a Barcelona, España.  |b Elsevier,  |c 2008 
300 |a 469 páginas  
500 |a Incluye Cd-Rom 
583 |a last modification  |c 20090430 00:00:00  |k Rodrigo Vera 
650 0 |a Biología molecular  |x Ingeniería genética  |9 259443 
650 0 |a Ácidos nucleicos  |x Nucleósidos  |x Nucleótidos  |9 269677 
650 0 |a Ciclo celular  |x Mitosis  |x Meiosis   |9 348842 
650 0 |a Clonación  |x Biomoléculas  |9 395294 
650 7 |a Enfermedades hereditarias  |2 CL-VaPUC  |9 536066 
700 1 |a Herráez Sánchez, Ángel  |e author  |9 536065 
856 |u http://bibliografiadigital.pucv.cl.pucv.idm.oclc.org/index.php/bibliotecapucv/catalog/book/859  |y Disponible Online  
942 |c BK  |2 ddc 
945 |d 20090430 00:00:00  |a rbrito 
952 |0 0  |1 0  |4 0  |6 576_500000000000000_LUQ_2008  |7 0  |8 A  |9 422045  |a BIBCUR  |b BIBCUR  |d 2019-11-22  |i 4545745  |l 3  |o 576.5 LUQ 2008  |p 4545745  |r 2025-04-22  |s 2022-05-24  |w 2019-11-22  |y BK  |k QUI 
952 |0 0  |1 0  |4 0  |6 576_500000000000000_LUQ_2008  |7 0  |8 A  |9 422046  |a BIBCUR  |b BIBCUR  |d 2019-11-22  |i 4545788  |l 5  |m 1  |o 576.5 LUQ 2008  |p 4545788  |r 2025-04-22  |s 2024-03-22  |w 2019-11-22  |y BK  |k QUI 
952 |0 0  |1 0  |4 0  |6 576_500000000000000_LUQ_2008  |7 0  |8 A  |9 422047  |a BIBCUR  |b BIBCUR  |d 2019-11-22  |i 4545796  |l 3  |m 2  |o 576.5 LUQ 2008  |p 4545796  |r 2025-04-22  |s 2024-06-21  |w 2019-11-22  |y BK  |k QUI